| 000 | 00571nam a22001937a 4500 | ||
|---|---|---|---|
| 003 | LK-CoDNM | ||
| 005 | 20241002111327.0 | ||
| 008 | 241002b |||||||| |||| 00| 0 eng d | ||
| 040 |
_aLK-CoDNM _dLK-CoDNM _eLK-CoDNM |
||
| 041 | _aeng | ||
| 080 |
_a104 _bKK10 |
||
| 100 | _a BELL H.C.P | ||
| 245 |
_aArcheological Survey Of Ceylon. North-Central Province Annual Report _b1892 _cXXXVIL-1904 |
||
| 260 | _aCOLOMBO | ||
| 300 | _a10P. ; 32 CM | ||
| 650 | _aArcheological Survey Of Ceylon. North-Central Province Annual Report | ||
| 650 | _a BELL H.C.P | ||
| 942 | _cBK | ||
| 999 |
_c217248 _d217248 |
||